Регионална библиотека "Любен Каравелов" - Русе

Земеделие (Запис номер 56954)

MARC детайли
000 -Лидер
Контролно поле с фиксирана дължина nam a22 a 4500
003 - Код на организацията, давaща контролен номер
Контролно поле BLK
005 - Дата и час на последна редакция
Контролно поле 20220805173621.0
008 - Елементи от данни с фиксирана дължина
fixed length control field 180408b bul|||||r ||||||| ||bul||
010 ## - Наследен системен номер
LC control number KNG00060941000
040 ## - Източник на каталожния запис
Идентификатор на билиотеката - собственик на записа BLK
041 ## - Код за език
Код за езика на текст/звукозапис или на отделно заглавие Български
Код за езика КДБФ Български
080 ## - УДК
Текстов определител УДК Общи въпроси на селското стопанство
УДК код - определител по УДК 631
УДК определител (075.8)
УДК - код + определител 631(075.8)
100 1# - Редна дума - Автор
Автор Ковачев, Димитър
Авторска отговорност първи автор
R(LIN) 287235
139 ## - Редно поле
Редна дума Ковачев, Димитър и др.
Авторски знак Ковач - К 72
245 10 - Сведения за заглавието
Заглавие Земеделие
Подзаглавни данни Учебник за студентите от ССА Г. Димитров
Редно поле (дума) Димитър Ковачев, Надежда Фетваджиева, Аврам Желев.
257 ## - Страна на издаване
Страна на създаване/издаване България
260 ## - Област на издателските данни
Място на издаване, разпространение и проч. София
Име на издателя, разпространителя и проч. Земиздат
Година на издаване 1973
300 ## - Физическа характеристика
Страници 445 с.
Размери/Мащаб 24 см
380 ## - Жанр
Жанр Селско стопанство
650 #4 - Допълнително описание по предмет – тема
Основно описание – тема или топоним Земеделие - учебници за ВУЗ
9 (RLIN) 250239
700 1# - Други автори (авторска отговорност)
Лично име Фетваджиева, Надежда
Автороска отговорност (Описва отношението между автора и произведението) съавт.
9 (RLIN) 287236
700 1# - Други автори (авторска отговорност)
Лично име Желев, Аврам
Автороска отговорност (Описва отношението между автора и произведението) съавт.
9 (RLIN) 287237
852 ## - Местоположение
Форматна сигнатура Цб 69268
Фондова буква Хранилище
999 ## - СИСТЕМНИ КОНТРОЛНИ НОМЕРА
Koha biblionumber 56954
Koha biblioitemnumber 56954
942 ## - АРТИКУЛИ
Вид на библиотечния материал Книги
Скрит в OPAC Не
Периодичен библиозапис Да
944 ## - СЪЗДАВАНЕ И РЕДАКЦИЯ на ЗАПИСА
Създаване/Редакция Създаване
Дата на регистрацията/редакция 13.06.2004
Служител, извършил регистрацията/редакцията Читалня
944 ## - СЪЗДАВАНЕ И РЕДАКЦИЯ на ЗАПИСА
Създаване/Редакция Редакция
Дата на регистрацията/редакция 2022-08-05
Служител, извършил регистрацията/редакцията ГГГ
Наличности
Код за отписване Код за изгубен артикул Източник на класификационната схема Код за повреда Коз за рестрикции Код за отдаване Артикулен № Име на библиотеката - собственик Име на библиотеката, в която се намира в момента Статус (Текущо местоположение) Дата на вписване в системата Местоположение - отдел Цена в лева Инвентарен номер Систематично азбучна сигнатура Баркод Номер на екземпляра Цена в евро Служебна бележка Служебен тип на артикула
Изтеглен Не е изгубен Universal Decimal Classification Не е повреден без рестрикции ползва се в читалня 91367 Регионална библиотека "Любен Каравелов" Русе Регионална библиотека "Любен Каравелов" Русе Читалня 1993-01-01 Читалня 1.86 145612 Ч 631/К72Д 145612 1 0.95 Дата инв: 20.03.2017 Бележки инв: Ч2017 Книги
  Не е изгубен Universal Decimal Classification Не е повреден само за читалня ползва се в читалня 91368 Регионална библиотека "Любен Каравелов" Русе Регионална библиотека "Любен Каравелов" Русе Хранилище 1973-01-01 Хранилище 1.86 145871 Цб 69268 120000145871 2 0.95 Дост: Dp Вид: Д N: стар фонд Дата: 01.01.1973 Книги
Vip Innovations Ltd, Rousse, Bulgaria 2025